Animated Movies by Picture - P - Statistics

General Stats
  • This quiz has been taken 417 times
  • The average score is 10 of 12
Answer Stats
Picture Answer % Correct
Peter Pan
99%
Pinocchio
96%
Pocahontas
95%
The Princess and the Frog
93%
Puss in Boots
92%
Planes
88%
PAW Patrol: The Movie
86%
The Polar Express
86%
The Peanuts Movie
78%
The Prince of Egypt
54%
Ponyo
44%
Princess Mononoke
43%
No matching quizzes found
Score Distribution
Percent of People with Each Score
Percentile by Number Answered
Your Score History
You have not taken this quiz